Central Library OPAC University of Rajshahi

القاموس المحيط al-Qāmūs al-muḥīṭ / (Record no. 77861)

MARC details
000 -LEADER
fixed length control field 01021cam a2200229 a 4500
001 - CONTROL NUMBER
control field 77861
003 - CONTROL NUMBER IDENTIFIER
rucl marc code BD-RjUL
005 - DATE AND TIME OF LATEST TRANSACTION
control field 20211209083040.0
008 - FIXED-LENGTH DATA ELEMENTS--GENERAL INFORMATION
fixed length control field 210131s1991 ua d 000 0 ara d
035 ## - SYSTEM CONTROL NUMBER
System control number (BD-RjUL)78087
040 ## - CATALOGING SOURCE
Original cataloging agency MEAUC
Language of cataloging eng
Transcribing agency MEAUC
Modifying agency OCLCQ
-- OCLCO
-- OCLCQ
-- OCLCO
041 ## - LANGUAGE CODE
Language code of text/sound track or separate title ara
066 ## - CHARACTER SETS PRESENT
Alternate G0 or G1 character set (3
082 ## - DEWEY DECIMAL CLASSIFICATION NUMBER
Edition number 23
Classification number 492.73
Author mark and year FIQ 1991
100 1# - MAIN ENTRY--PERSONAL NAME
Personal name فيروزآبادي، محمد بن يعقوب Fīrūzābādī, Muḥammad ibn Yaʻqūb,
Dates associated with a name 1329-1414 or 1415.
9 (RLIN) 244240
245 13 - TITLE STATEMENT
Title القاموس المحيط al-Qāmūs al-muḥīṭ /
Statement of responsibility, etc. مجد الدين محمد بن يعقوب الفيروزآبادي الشيرازي ؛ موشى الحواشي بطراز نصر الهورينيli-Majd al-Dīn Muḥammad ibn Yaʻqūb al-Fīrūzābādī
260 ## - PUBLICATION, DISTRIBUTION, ETC. (IMPRINT)
Place of publication, distribution, etc. مصر : Miṣr :
Name of publisher, distributor, etc. المطبعة الحسينية، al-Maṭbaʻah al-Ḥusaynīyah,
Date of publication, distribution, etc. 1991
300 ## - PHYSICAL DESCRIPTION
Pagination 4 v. ;
Size 28 cm
505 ## - FORMATTED CONTENTS NOTE
Formatted contents note Vol.1.--v.2.--v.3.--v.4.
650 #0 - SUBJECT ADDED ENTRY--TOPICAL TERM
Topical term or geographic name as entry element Arabic language
Form subdivision Dictionaries.
9 (RLIN) 244241
942 ## - ADDED ENTRY ELEMENTS (KOHA)
Koha item type Reference
Source of classification or shelving scheme Dewey Decimal Classification
Holdings
Lost status Source of classification or shelving scheme Damaged status Not for loan Collection code Permanent Location Current Location Shelving location Date acquired Source of acquisition Cost, normal purchase price Total Checkouts Full call number Date last seen Copy number Koha item type
  Dewey Decimal Classification   Not For Loan Reference Central Library, University of Rajshahi Central Library, University of Rajshahi   05/06/1995 Rashidia Library ; Dhaka 575.00   AR 492.73 FIQ V-1 1991 31/01/2021 C-1 Books
  Dewey Decimal Classification   Not For Loan Reference Central Library, University of Rajshahi Central Library, University of Rajshahi   05/06/1995 Rashidia Library ; Dhaka 575.00   AR 492.73 FIQ V-2 1991 31/01/2021 C-1 Books
  Dewey Decimal Classification   Not For Loan Reference Central Library, University of Rajshahi Central Library, University of Rajshahi   05/06/1995 Rashidia Library ; Dhaka 575.00   AR 492.73 FIQ V-3 1991 31/01/2021 C-1 Books
  Dewey Decimal Classification   Not For Loan Reference Central Library, University of Rajshahi Central Library, University of Rajshahi   05/06/1995 Rashidia Library ; Dhaka 575.00   AR 492.73 FIQ V-4 1991 31/01/2021 C-1 Books